00713 2200265 4500001002100000005001500021035002500036008004100061020001800102041000800120082001200128090001200140100002100152245008400173250002700257260003000284300005200314650001600366650001900382084001800401700000600419520000600425856000600431990001000437INLIS00000000000935020251117034743 a0010-051300000009350251117 e 0 ind  a979-533-387-9 aind a629.132 a629.132 aMochamad, Slamet1 aSeri Teknik Penerbangan : Sistem Otomasi Gerak Pesawat :b- /cMochamad, Slamet aEdisi : 1; Cetakan : 1 aYogjakarta :bANDI,c1996 avi, 86 hlm. ;23 cm. :bIlustrasi ;c16x23 cme- 4aPenerbangan 4aSistem Otomasi a629.132 MOC s0 a- a- a- a10911